Statistics for Vlajky zemí začínající na S nebo Š

Click here to take the quiz!

General Stats

  • This quiz has been taken 8 times
  • The average score is 14 of 31

Answer Stats

Answer% Correct
Španělsko
100%
Spojené státy americké
100%
Saúdská Arábie
80%
Slovensko
80%
Slovinsko
80%
Spojené království
80%
Súdán
80%
Švédsko
80%
Švýcarsko
80%
Severní Korea
60%
Severní Makedonie
60%
Srbsko
60%
Sri Lanka
60%
San Marino
40%
Senegal
40%
Singapur
40%
Somálsko
40%
Spojené arabské emiráty
40%
Šalamounovy ostrovy
20%
Salvador
20%
Samoa
20%
Seychely
20%
Sierra Leone
20%
Středoafrická republika
20%
Surinam
20%
Svatá Lucie
20%
Svatý Kryštof a Nevis
20%
Svatý Tomáš a Princův ostrov
20%
Svatý Vincenc a Grenadiny
20%
Sýrie
20%
Svazjisko
0%

Score Distribution

Percentile by Number Answered

Percent of People with Each Score

Your Score History

You have not taken this quiz